MDQL
is popping MORE tags! Check the
thread
!
Quizzes
Events
Quiz Creation
Community
Videos
Private Events
Remove Ads
Sign In
Join for FREE
Feedback
Dark Mode
Quiz Categories
Sports
Geography
Music
Movies
Television
Just For Fun
Miscellaneous
History
Literature
Language
Science
Gaming
Entertainment
Religion
Holiday
For Kids
Quiz Lab
Recent
Popular Today
Quiz Kudos Today
Editor Picks
Curator Picks
Quizzes by...
Day
Popularity
Type
Ratings
Length
Year
Community
Subscriptions
Recent Discussions
Orange Saloon
Badges
Playlists
Quests
Create
Leaderboards
Showdown
Live 5
Trivia Bingo
Activity
Puzzle Library
Sporcle Events
Private Events
Virtual Trivia
Globe League
Become a Host
Pub Owners
SporcleCon
Opinionation
Our Games
Videos
Blog
Mobile Apps
Partnerships
Remove Ads and Go Orange
Feedback
Sports
Athletes
MLB
NBA
NHL
NFL
Soccer
Sports Teams
WWE
NCAA
Football
Premier League
Basketball
Baseball
Hockey
Golf
Tennis
Cricket
Rugby
Auto Racing
Olympics
World Cup
Sports
Athletes
MLB
NBA
NHL
NFL
Soccer
Sports Teams
WWE
NCAA
Football
Premier League
Basketball
Baseball
Hockey
Golf
Tennis
Cricket
Rugby
Auto Racing
Olympics
World Cup
Random Quiz
Search Sporcle
×
Quiz Lab
Quiz Lab
Sports
Soccer
Type in answers that appear in a list
Type in answers that appear in a list
Classic
Best Score? Go Orange.
MLS team by supporter group Stats
Can you name the MLS team by supporter group?
By
aubie358
10m
23 Questions
53 Plays
53 Plays
53 Plays
Comments
Comments
Give Quiz Kudos
Give Quiz Kudos
-
- Ratings
hide this ad
More Info
Forced Order
Answers have to be entered in order
Answers have to be entered in order
Replay
Link that replays current quiz
Next Quiz
Link to next quiz in quiz playlist
You Got
0%
They Got
Avg Score
60%
Avg Friend Score
Upgrade to see
Score Distribution
Jump to the score distribution portion of the page
Score
0/23
Timer
10:00
0
Plays Today
Supporter Group(s) Name
Team
% Correct
Timbers Army
Portland Timbers
100%
True North Elite, Dark Clouds
Minnesota United FC
100%
Crew Supporter's Union, Hudson Street Hooligans
Columbus Crew
88.7%
Ultras Montreal, 1642 MTL
Montreal Impact
88.7%
Emerald City Supporters, Gorilla FC
Seattle Sounders
86.8%
San Jose Ultras
San Jose Earthquakes
83%
Dallas Beer Guardians, El Matador
FC Dallas
83%
Texian Army, El Batalion
Houston Dynamo
77.4%
Angel City Brigade
LA Galaxy
75.5%
RioT Brigade, La Barra Real
Real Salt Lake
73.6%
Sons of Ben
Philadelphia Union
69.8%
Screaming Eagles, District Ultras
DC United
67.9%
Supporter Group(s) Name
Team
% Correct
Terminus Legion, Resurgence, The Faction
Atlanta United FC
60%
Iron Lion Firm, Ruckus
Orlando City SC
58.5%
Section 8, Sector Latino
Chicago Fire
56.6%
The Third Rail
NYCFC
54.7%
The Cauldron
Sporting KC
54.7%
Centennial 38
Colorado Rapids
54.7%
The Midnight Riders, The Rebellion
New England Revolution
54.7%
Inbrietta, Red Patch Boys
Toronto FC
50.9%
Viking Army, Garden State Ultras
New York Red Bulls
50.9%
Southsiders
Vancouver Whitecaps
45.3%
Black Army 1850, Expo Originals, District 9 Ultras
LAFC
40%
Quiz Playlist
Details
Report
Send in Message
Add To Playlist
More Info:
Let me know of any suggestions or mistakes
Classic:
Type in answers that appear in a list
Forced Order:
Answers have to be entered in order
Quiz Source
Last Updated: Feb 16, 2017
Quiz Scoreboard
CHALLENGE
Sign Up to Join the Scoreboard
Show All
Scores
Hide
Comments
May contain spoilers
Recently Published
5x2 Blitz: Bands
by SL_Kpop136
Music
30s
Colored Red Africa Blitz
by spor1
Geography
30s
Find the 'City' Movie
by crazypaving
Movies
60s
More to Explore
Quiz From the Vault
Featured Blog Post
14 Easter Pick-up Lines to Find Eggs With
hide this ad
You Might Also Like...
Tags
Football Quiz
Soccer Quiz
America
futbol
In Order
MLS
Order
USA
USA Soccer
US Sports
Today's Top Quizzes in Sports
Browse Sports
hide this ad
Today's Top Quizzes in Soccer
Browse Soccer
Top Contributed Quizzes in Sports
1
Les entraîneurs de l'OM et du PSG au 21e siècle
2
Les meilleurs buteurs des matchs entre le PSG et l’OM
3
Players with Multiple 50 Home Run Seasons
4
2022 World Cup Stars
5
Les joueurs passés par le PSG et l'OM
6
NBA Logic Puzzle 2.0
7
Criteria MLB: Left Handed Sluggers
8
MLB Players with Two .350 Batting Average Seasons
9
Top 10 NHL Goal Scorers of All Time
10
Who Hit More Homers?
Explore More
Trending Topics
Disney
Anime
Marvel
Crossword
Harry Potter
Kpop
NBA
Pokémon
Puzzle
Country
NFL
Song
WWE
Soccer
The Office
hide this ad
More By:
aubie358
Quiz
Plays
Rating
Category
Featured
Created
War Eagle (Auburn Fight Song) Lyrics
577
3.67
Sports
Mar 5, 2012
Auburn Football opponents in 2013 season
434
3.75
Sports
Dec 21, 2013
AAF Teams
396
4.33
Sports
Nov 28, 2018
FBS Football Teams
328
5.00
Sports
Aug 30, 2016
MLS Team by Stadium Picture
285
5.00
Sports
Sep 15, 2016
Go to Creator's Profile
Score Distribution
Quiz Creator Spotlight
aubie358
Follow
Send a Message
Quizzes Created
-
Created Quiz Play Count
-
More By This Creator
Popular Quizzes Today
1
Colored Red Africa Blitz
2
Find the 'City' Movie
3
5x2 Blitz: Bands
4
Find the US States - No Outlines Minefield
5
The Countries of the World
6
Find the US States
7
US States
8
Find the Countries of Europe - No Outlines Minefield
More Sports Quizzes
NCAA Hoops Find the Fake 3
Curator's Pick
Trending Quizzes
Colored Red Europe Blitz I
Colored Red Europe Blitz II
Colored Red Africa Blitz II
Colored Red Europe Blitz III
Colored Red Africa Blitz III
Recently Updated
How Do You Spell That?
pecheneg
Godzilla Movies
pecheneg
Grab Bag: 4-10 Letters
pecheneg
2024 March Madness Bracket
pecheneg
Famous TV Couples
Peacemaker
Champions League XIs: Real Madrid
pecheneg
Largest US Cities 1790-2010
pecheneg
Rides in Walt Disney World
pecheneg
Most Oscar Losses (Acting)
pecheneg
Beyoncé Albums
pecheneg
Trending Topics
Harry Potter
Disney
Kpop
Marvel
Anime
Crossword
NBA
Song
WWE
NFL
The Office
Pokémon
Puzzle
Soccer
Country
Your Account Isn't Verified!
In order to create a playlist on Sporcle, you need to verify the email address you used during registration. Go to your
Sporcle Settings
to finish the process.
Report this User
Report this user for behavior that violates our
Community Guidelines
.
Details:
Send Report
Go to the Sporcle.com Mobile Site →
Comments